| 000 | 00408cam a22001217a 4500 | ||
|---|---|---|---|
| 008 | 180718b1959 xxu||||| |||| 00| 0 eng d | ||
| 082 | _aA81x54 In2/61/Pap2/1960 | ||
| 100 | _aCensus of India 1961 | ||
| 245 | _aScheduled castes and scheduled tribes arranged in alphabetical order | ||
| 260 |
_aDelhi _bThe Manager of Publications _c1959 |
||
| 300 | _a179p. | ||
| 440 | _aCensus of India 1961. Paper No. 2 of 1960 | ||
| 999 |
_c483887 _d483887 |
||